Statistics for 100 Largest Ski Resorts in North America

Click here to take the quiz!

General Stats

  • This quiz has been taken 16 times
  • The average score is 29 of 100

Answer Stats

AreaState/ProvinceSki Resort% Correct
5,189ColoradoVail
93%
5,800MontanaBig Sky
71%
2,908ColoradoBreckenridge
71%
3,500CaliforniaMammoth Mountain
71%
2,200UtahAlta
64%
2,500WyomingJackson Hole
64%
2,000ColoradoTelluride
64%
8,171British ColumbiaWhistler Blackcomb
64%
2,300CaliforniaKirkwood
57%
7,300UtahPark City
57%
2,500UtahSnowbird
57%
3,362ColoradoSnowmass
57%
2,563IdahoSun Valley
57%
2,082ColoradoBeaver Creek
50%
1,500UtahBrighton
50%
1,547ColoradoCrested Butte
50%
2,026UtahDeer Valley
50%
8,464UtahPowder Mountain
50%
3,000UtahSnowbasin
50%
1,400ColoradoArapahoe Basin
43%
2,450ColoradoCopper
43%
4,800CaliforniaHeavenly
43%
3,148ColoradoKeystone
43%
3,486British ColumbiaKicking Horse
43%
4,200AlbertaLake Louise
43%
1,000WashingtonMt. Baker
43%
6,400CaliforniaPalisades Tahoe
43%
3,121British ColumbiaRevelstoke
43%
1,180UtahSolitude
43%
2,956ColoradoSteamboat Springs
43%
1,280New MexicoTaos
43%
3,000ColoradoWinter Park
43%
1,400AlaskaAlyeska
36%
1,010ColoradoAspen Highlands
36%
2,600WashingtonCrystal Mountain
36%
1,509VermontKillington
36%
1,800ColoradoLoveland
36%
1,200NevadaMt. Rose
36%
2,904CaliforniaNorthstar
36%
1,200ColoradoPurgatory
36%
2,900IdahoSchweitzer
36%
2,000CaliforniaSierra-at-Tahoe
36%
1,125WashingtonStevens Pass
36%
1,500CaliforniaSugar Bowl
36%
3,000MontanaWhitefish
36%
1,600ColoradoWolf Creek
36%
2,500British ColumbiaFernie
29%
1,600ColoradoPowderhorn
29%
1,600IdahoSilver Mountain
29%
1,428OregonTimberline
29%
1,112British ColumbiaApex Mountain
21%
777ArizonaArizona Snowbowl
21%
2,800British ColumbiaBig White
21%
2,600IdahoBogus Basin
21%
2,000MontanaBridger Bowl
21%
2,602WyomingGrand Targhee
21%
1,200CaliforniaHomewood
21%
800ColoradoMonarch
21%
4,318OregonMount Bachelor
21%
2,847British ColumbiaPanorama
21%
1,819ColoradoSilverton
21%
1,000VermontSmuggler’s Notch
21%
1,153MaineSugarloaf
21%
870MaineSunday River
21%
1,294WashingtonWhite Pass
21%
1,920IdahoBrundage
14%
3,592AlbertaCastle Mountain
14%
1,675AlbertaMarmot Basin
14%
1,635MontanaRed Lodge
14%
4,200British ColumbiaRed Mountain
14%
3,269British ColumbiaSilver Star
14%
1,914WashingtonSnoqualmie
14%
4,270British ColumbiaSun Peaks
14%
3,358AlbertaSunshine Village
14%
1,180British ColumbiaWhitewater
14%
2,325Washington49 Degrees North
7%
1,100OregonAnthony Lakes
7%
1,260CaliforniaBear Valley
7%
1,200CaliforniaChina Peak
7%
2,200MontanaDiscovery
7%
832CaliforniaDodge Ridge
7%
1,800British ColumbiaKimberley
7%
2,000WashingtonMission Ridge
7%
2,150OregonMount Hood Meadows
7%
1,704WashingtonMount Spokane
7%
1,021AlbertaNakiska
7%
1,100IdahoTamarack
7%
1,216MaineBig Squaw
0%
1,000MontanaBlacktail Mountain
0%
1,430MontanaGreat Divide
0%
806OregonHoodoo
0%
1,800MontanaLost Trail
0%
1,000MinnesotaLutsen Mountains
0%
950MontanaMontana Snowbowl
0%
800CaliforniaMount Baldy
0%
960OregonMount Hood Skibowl
0%
1,700British ColumbiaMount Washington
0%
1,100IdahoPebble Creek
0%
800ArizonaSunrise Park
0%
1,000MontanaTurner Mountain
0%

Score Distribution

Percentile by Number Answered

Percent of People with Each Score

Your Score History

You have not taken this quiz